Every LaLiga Manager in the XXI Century - Statistics

General Stats
  • This quiz has been taken 114 times
    9 since last reset
  • The average score is 175 of 466
Answer Stats
Team Years Manager % Correct
Espanyol 2022-2023 Diego Martinez
100%
Las Palmas 2024-2025 Diego Martínez
100%
Granada 2018-2021 Diego Martinez
100%
Osasuna 2015-2016 Enrique Martin
100%
Barcelona 2017-2020 Ernesto Valverde
100%
Athletic Bilbao 2003-2005 Ernesto Valverde
100%
Athletic Bilbao 2013-2017 Ernesto Valverde
100%
Athletic Bilbao 2022- Ernesto Valverde
100%
Valencia 2012-2013 Ernesto Valverde
100%
Espanyol 2006-2008 Ernesto Valverde
100%
Villarreal 2009-2010 Ernesto Valverde
100%
Almeria 2014-2015 Jose Ignacio Martinez
100%
Levante 2011-2013 Juan Ignacio Martinez
100%
Real Valladolid 2013-2014 Juan Ignacio Martinez
100%
Barcelona 2014-2017 Luis Enrique
100%
Celta 2013-2014 Luis Enrique
100%
Barcelona 2008-2012 Pep Guardiola
100%
Real Madrid 2026- Álvaro Arbeloa
88%
Real Madrid 2013-2015 Carlo Ancelotti
88%
Real Madrid 2021-2025 Carlo Ancelotti
88%
Sevilla 2023 Diego Alonso
88%
Atlético de Madrid 2011- Diego Simeone
88%
Barcelona 2003-2008 Frank Rijkaard
88%
Barcelona 2013-2014 Gerardo Martino
88%
Rayo Vallecano 2003 Gustavo Benitez
88%
Racing Santander 1999-2000 Gustavo Benitez
88%
Racing Santander 2001 Gustavo Benitez
88%
Barcelona 2024- Hansi Flick
88%
Almeria 2008-2009 Hugo Sanchez
88%
Real Madrid 2010-2013 Jose Mourinho
88%
Espanyol 2023 Luis Garcia
88%
Real Zaragoza 2008 Manolo Villanova
88%
Real Madrid 2009-2010 Manuel Pellegrini
88%
Real Betis 2020- Manuel Pellegrini
88%
Villarreal 2004-2009 Manuel Pellegrini
88%
Málaga 2010-2013 Manuel Pellegrini
88%
Sevilla 1999-2000 Marcos Alonso
88%
Real Zaragoza 2002 Marcos Alonso
88%
SD Huesca 2019-2021 Michel Sanchez
88%
Rayo Vallecano 2017-2019 Michel Sanchez
88%
Girona 2021- Michel Sanchez
88%
Real Valladolid 2010 Onésimo Sanchez
88%
Real Sociedad 2000 Periko Alonso
88%
Barcelona 2020 Quique Setién
88%
Real Betis 2017-2019 Quique Setién
88%
Villarreal 2022-2023 Quique Setién
88%
Las Palmas 2015-2017 Quique Setién
88%
Real Madrid 2015-2016 Rafa Benitez
88%
Valencia 2001-2004 Rafa Benitez
88%
Celta 2023-2024 Rafa Benitez
88%
Barcelona 2020-2021 Ronald Koeman
88%
Valencia 2007-2008 Ronald Koeman
88%
Real Betis 2016-2017 Victor Sanchez
88%
Deportivo La Coruña 2015-2016 Victor Sanchez
88%
Real Madrid 2025-2026 Xabi Alonso
88%
Barcelona 2021-2024 Xavi
88%
Real Madrid 2016-2018 Zinedine Zidane
88%
Real Madrid 2019-2021 Zinedine Zidane
88%
Granada 2010-2012 Fabri Gonzalez
75%
SD Huesca 2018-2019 Francisco Rodriguez
75%
Rayo Vallecano 2023-2024 Francisco Rodriguez
75%
Almeria 2013-2014 Francisco Rodriguez
75%
Elche 2021-2022 Francisco Rodriguez
75%
Málaga 2018 Jose Gonzalez
75%
Granada 2016 Jose Gonzalez
75%
Albacete 2004-2005 Jose Gonzalez
75%
Racing Santander 2011-2012 Juanjo Gonzalez
75%
Real Madrid 2018 Julen Lopetegui
75%
Sevilla 2019-2022 Julen Lopetegui
75%
Espanyol 2024- Manolo Gonzalez
75%
Real Madrid 2004 Mariano García
75%
Numancia 2000-2001 Mariano Garcia
75%
Celta 2019-2020 Oscar Garcia
75%
Villarreal 2004 Paquito Garcia
75%
Real Madrid 2018-2019 Santiago Solari
75%
Espanyol 2014-2015 Sergio Gonzalez
75%
Real Valladolid 2018-2021 Sergio Gonzalez
75%
Cádiz 2022-2024 Sergio Gonzalez
75%
Barcelona 2012-2013 Tito Vilanova
75%
Real Madrid 1999-2003 Vicente del Bosque
75%
Real Madrid 2007-2008 Bernd Schuster
63%
Levante 2004-2005 Bernd Schuster
63%
Málaga 2013-2014 Bernd Schuster
63%
Getafe 2005-2007 Bernd Schuster
63%
Rayo Vallecano 2024- Iñigo Perez
63%
Valencia 2021-2022 Jose Bordalas
63%
Getafe 2016-2021 Jose Bordalas
63%
Getafe 2023- Jose Bordalas
63%
Atlético de Madrid 2001-2003 Luis Aragonés
63%
Mallorca 2000-2001 Luis Aragones
63%
Mallorca 2003-2004 Luis Aragones
63%
Real Oviedo 1999-2000 Luis Aragones
63%
Athletic Bilbao 1996-2000 Luis Fernandez
63%
Espanyol 2003-2004 Luis Fernandez
63%
Real Betis 2006-2007 Luis Fernandez
63%
Athletic Bilbao 2021-2022 Marcelino
63%
Sevilla 2011-2012 Marcelino
63%
Valencia 2017-2019 Marcelino
63%
Villarreal 2013-2016 Marcelino
63%
Villarreal 2023- Marcelino
63%
Real Zaragoza 2008-2009 Marcelino
63%
Racing Santander 2007-2008 Marcelino
63%
Racing Santander 2011 Marcelino
63%
Recreativo Huelva 2005-2007 Marcelino
63%
Numancia 2004-2005 Maximo Hernandez
63%
Valencia 2014-2015 Nuno Espirito Santo
63%
Espanyol 2000-2002 Paco Flores
63%
Real Zaragoza 2002-2004 Paco Flores
63%
Gimnástic Tarragona 2006-2007 Paco Flores
63%
Atlético de Madrid 2009-2011 Quique Sanchez Flores
63%
Sevilla 2023-2024 Quique Sanchez Flores
63%
Valencia 2005-2007 Quique Sanchez Flores
63%
Espanyol 2016-2018 Quique Sanchez Flores
63%
Getafe 2004-2005 Quique Sanchez Flores
63%
Getafe 2015 Quique Sanchez Flores
63%
Getafe 2021-2023 Quique Sanchez Flores
63%
Sevilla 2013-2016 Unai Emery
63%
Valencia 2008-2012 Unai Emery
63%
Villarreal 2020-2022 Unai Emery
63%
Almeria 2006-2008 Unai Emery
63%
Real Betis 2002-2004 Victor Fernandez
63%
Real Zaragoza 2006-2008 Victor Fernandez
63%
Celta 1998-2002 Victor Fernandez
63%
Deportivo La Coruña 2014-2015 Victor Fernandez
63%
Valencia 2024- Carlos Corberán
50%
Real Madrid 2006-2007 Fabio Capello
50%
Numancia 2004 Francisco
50%
Atlético de Madrid 2006-2009 Javier Aguirre
50%
Espanyol 2012-2014 Javier Aguirre
50%
Real Zaragoza 2010-2011 Javier Aguirre
50%
Osasuna 2002-2006 Javier Aguirre
50%
Mallorca 2022-2024 Javier Aguirre
50%
Leganés 2019-2020 Javier Aguirre
50%
Sevilla 2016-2017 Jorge Sampaoli
50%
Sevilla 2022-2023 Jorge Sampaoli
50%
Real Madrid 2004 Jose Antonio Camacho
50%
Osasuna 2008-2011 Jose Antonio Camacho
50%
Real Madrid 2008-2009 Juande Ramos
50%
Sevilla 2005-2007 Juande Ramos
50%
Espanyol 2002 Juande Ramos
50%
Real Betis 2001-2002 Juande Ramos
50%
Málaga 2003-2004 Juande Ramos
50%
Málaga 2016 Juande Ramos
50%
Rayo Vallecano 1998-2001 Juande Ramos
50%
Athletic Bilbao 2001-2003 Jupp Heynckes
50%
Sevilla 2025- Matías Almeyda
50%
Valencia 2012 Mauricio Pellegrino
50%
Alavés 2016-2017 Mauricio Pellegrino
50%
Leganés 2018-2019 Mauricio Pellegrino
50%
Cádiz 2024 Mauricio Pellegrino
50%
Sevilla 2012-2013 Míchel
50%
Málaga 2017-2018 Michel
50%
Getafe 2009-2011 Michel
50%
Getafe 2021 Michel
50%
Levante 2018-2021 Paco Lopez
50%
Granada 2022-2023 Paco Lopez
50%
Real Sociedad 2025 Sergio Francisco
50%
Real Madrid 2005 Vanderlei Luxemburgo
50%
Espanyol 2019-2020 Abelardo
38%
Alavés 2017-2019 Abelardo
38%
Alavés 2021 Abelardo
38%
Sporting Gijón 2014-2017 Abelardo
38%
Granada 2022 Aitor Karanka
38%
Levante 2021-2022 Alessio Lisci
38%
Osasuna 2025- Alessio Lisci
38%
Rayo Vallecano 2020-2023 Andoni Iraola
38%
Real Madrid 2003-2004 Carlos Queiroz
38%
Alavés 2024- Chacho Coudet
38%
Celta 2024- Claudio Giraldez
38%
Atlético de Madrid 1999-2000 Claudio Ranieri
38%
Valencia 2004-2005 Claudio Ranieri
38%
Celta 2020-2022 Eduardo Coudet
38%
Real Betis 2000 Guus Hiddink
38%
Valencia 1999-2001 Hector Cúper
38%
Real Betis 2007 Hector Cúper
38%
Mallorca 2004-2006 Hector Cúper
38%
Racing Santander 2011 Hector Cúper
38%
Real Sociedad 2018-2025 Imanol Alguacil
38%
Real Sociedad 2013-2014 Jagoba Arrasate
38%
Osasuna 2018-2024 Jagoba Arrasate
38%
Mallorca 2024-2026 Jagoba Arrasate
38%
Valencia 2020-2021 Javi Gracia
38%
Osasuna 2013-2014 Javi Gracia
38%
Málaga 2014-2016 Javi Gracia
38%
Athletic Bilbao 2007-2011 Joaquin Caparros
38%
Sevilla 2000-2005 Joaquin Caparros
38%
Sevilla 2025 Joaquín Caparros
38%
Levante 2013-2014 Joaquin Caparros
38%
Osasuna 2016-2017 Joaquin Caparros
38%
Deportivo La Coruña 2005-2007 Joaquin Caparros
38%
Mallorca 2011-2013 Joaquin Caparros
38%
Granada 2014-2015 Joaquin Caparros
38%
Real Sociedad 2000-2002 John Toshack
38%
Real Murcia 2004 John Toshack
38%
Athletic Bilbao 2005 Jose Luis Mendilibar
38%
Sevilla 2023 Jose Luis Mendilibar
38%
Eibar 2015-2021 Jose Luis Mendilibar
38%
Levante 2014 Jose Luis Mendilibar
38%
Osasuna 2011-2013 Jose Luis Mendilibar
38%
Alavés 2021-2022 Jose Luis Mendilibar
38%
Real Valladolid 2006-2010 Jose Luis Mendilibar
38%
Barcelona 1997-2000 Louis van Gaal
38%
Barcelona 2002-2003 Louis van Gaal
38%
Levante 2025- Luis Castro
38%
Villarreal 2018-2019 Luis Garcia Plaza
38%
Levante 2008-2011 Luis Garcia Plaza
38%
Alavés 2022-2024 Luis Garcia Plaza
38%
Mallorca 2020-2022 Luis Garcia Plaza
38%
Getafe 2011-2014 Luis Garcia Plaza
38%
Athletic Bilbao 2011-2013 Marcelo Bielsa
38%
Mallorca 2026- Martín Demichelis
38%
Villarreal 2023 Pacheta
38%
SD Huesca 2021 Pacheta
38%
Real Valladolid 2021-2023 Pacheta
38%
Numancia 2009 Pacheta
38%
Celta 2010-2013 Paco Herrera
38%
Las Palmas 2014-2015 Paco Herrera
38%
Numancia 2000 Paco Herrera
38%
Real Sociedad 2025- Pellegrino Matarazzo
38%
Real Betis 2010-2013 Pepe Mel
38%
Real Betis 2014-2016 Pepe Mel
38%
Deportivo La Coruña 2017 Pepe Mel
38%
Almeria 2024 Pepe Mel
38%
Tenerife 2001-2002 Pepe Mel
38%
Espanyol 2018-2019 Rubi
38%
Real Betis 2019-2020 Rubi
38%
Levante 2015-2016 Rubi
38%
Sporting Gijón 2017 Rubi
38%
Almeria 2021-2023 Rubi
38%
Villarreal 2000-2002 Victor Muñoz
38%
Real Zaragoza 2004-2006 Victor Muñoz
38%
Getafe 2008-2009 Victor Muñoz
38%
Recreativo Huelva 2007-2008 Victor Muñoz
38%
Valencia 2017 Voro
38%
Sevilla 2024-2025 Xavier Garcia Pimienta
38%
Las Palmas 2022-2024 Xavier Garcia Pimienta
38%
Córdoba 2014 Albert Ferrer
25%
Real Sociedad 2018 Asier Garitano
25%
Alavés 2019-2020 Asier Garitano
25%
Leganés 2013-2018 Asier Garitano
25%
Villarreal 2002-2004 Benito Floro
25%
Mallorca 2004 Benito Floro
25%
Leganés 2023-2025 Borja Jimenez
25%
Barcelona 2001-2002 Carles Rexach
25%
Celta 2022-2023 Carlos Carvalhal
25%
Valencia 2016 Cesare Prandelli
25%
Deportivo La Coruña 2018 Clarence Seedorf
25%
Athletic Bilbao 2017-2018 Cuco Ziganda
25%
Osasuna 2006-2008 Cuco Ziganda
25%
Xerez 2009-2010 Cuco Ziganda
25%
Real Sociedad 2014-2015 David Moyes
25%
Elche 2024- Eder Sarabia
25%
Celta 2004-2007 Fernando Vazquez
25%
Las Palmas 2001-2002 Fernando Vazquez
25%
Mallorca 1999-2000 Fernando Vazquez
25%
Rayo Vallecano 2002-2003 Fernando Vazquez
25%
Real Valladolid 2003-2004 Fernando Vazquez
25%
Villarreal 2016-2017 Fran Escriba
25%
Celta 2019 Fran Escriba
25%
Getafe 2015-2016 Fran Escriba
25%
Elche 2012-2015 Fran Escriba
25%
Elche 2021 Fran Escriba
25%
Athletic Bilbao 2018-2021 Gaizka Garitano
25%
Eibar 2012-2015 Gaizka Garitano
25%
Deportivo La Coruña 2016-2017 Gaizka Garitano
25%
Almeria 2023-2024 Gaizka Garitano
25%
Valencia 2015-2016 Gary Neville
25%
Atlético de Madrid 2003-2004 Gregorio Manzano
25%
Atlético de Madrid 2011 Gregorio Manzano
25%
Sevilla 2010-2011 Gregorio Manzano
25%
Málaga 2004-2005 Gregorio Manzano
25%
Mallorca 2002-2003 Gregorio Manzano
25%
Mallorca 2006-2010 Gregorio Manzano
25%
Mallorca 2013 Gregorio Manzano
25%
Rayo Vallecano 2001-2002 Gregorio Manzano
25%
Real Valladolid 1999-2000 Gregorio Manzano
25%
Racing Santander 2000-2001 Gregorio Manzano
25%
Real Betis 2006 Javier Irureta
25%
Real Zaragoza 2008 Javier Irureta
25%
Deportivo La Coruña 1998-2005 Javier Irureta
25%
Levante 2021 Javier Pereira
25%
Levante 2024-2025 Julián Calero
25%
Barcelona 2000-2001 Lorenzo Serra Ferrer
25%
Real Betis 2004-2006 Lorenzo Serra Ferrer
25%
Málaga 2006 Manolo Hierro
25%
Sevilla 2007-2010 Manolo Jimenez
25%
Real Zaragoza 2011-2013 Manolo Jimenez
25%
Las Palmas 2017 Manolo Marquez
25%
Espanyol 2009-2012 Mauricio Pochettino
25%
Celta 2018-2019 Miguel Cardoso
25%
Valencia 2013 Miroslav Djukic
25%
Real Valladolid 2011-2013 Miroslav Djukic
25%
Córdoba 2014-2015 Miroslav Djukic
25%
Hércules 2011 Miroslav Djukic
25%
Las Palmas 2018 Paco Jemez
25%
Rayo Vallecano 2012-2016 Paco Jemez
25%
Rayo Vallecano 2019-2020 Paco Jemez
25%
Granada 2016 Paco Jemez
25%
Valencia 2016 Pako Ayestaran
25%
Las Palmas 2017 Pako Ayestaran
25%
Real Valladolid 2023-2024 Paulo Pezzolano
25%
Real Valladolid 2001-2003 Pepe Moré
25%
Barcelona 2003 Radomir Antic
25%
Atlético de Madrid 2000 Radomir Antic
25%
Celta 2004 Radomir Antic
25%
Real Oviedo 2000-2001 Radomir Antic
25%
Granada 2021-2022 Robert Moreno
25%
Valencia 2023-2024 Ruben Baraja
25%
Espanyol 2008 Tintín Marquez
25%
Espanyol 2020-2022 Vicente Moreno
25%
Osasuna 2024-2025 Vicente Moreno
25%
Mallorca 2017-2020 Vicente Moreno
25%
Almeria 2023 Vicente Moreno
25%
Atlético de Madrid 2009 Abel Resino
13%
Levante 2007 Abel Resino
13%
Celta 2013 Abel Resino
13%
Granada 2012 Abel Resino
13%
Granada 2015 Abel Resino
13%
Valencia 2019-2020 Albert Celades
13%
Racing Santander 2012 Alvaro Cervera
13%
Cádiz 2016-2022 Alvaro Cervera
13%
Real Valladolid 2025 Álvaro Rubio
13%
Celta 2018 Antonio Mohamed
13%
Atlético de Madrid 2005-2006 Carlos Bianchi
13%
Atlético de Madrid 2004-2005 Cesar Ferrando
13%
Albacete 2002-2004 Cesar Ferrando
13%
Alavés 2005-2006 Chuchi Cos
13%
Racing Santander 2003 Chuchi Cos
13%
Espanyol 2015-2016 Constantin Galça
13%
Real Valladolid 2024-2025 Diego Cocca
13%
Athletic Bilbao 2018 Eduardo Berizzo
13%
Sevilla 2017 Eduardo Berizzo
13%
Celta 2014-2017 Eduardo Berizzo
13%
Hércules 2010-2011 Esteban Vigo
13%
Real Sociedad 2015-2018 Eusebio
13%
Girona 2018-2019 Eusebio
13%
Real Betis 2007-2009 Francisco Chaparro
13%
Real Betis 2014 Gabriel Calderón
13%
Valencia 2022-2023 Gennaro Gattuso
13%
Real Oviedo 2025- Guillermo Almada
13%
Celta 2007 Hristo Stoichkov
13%
Osasuna 2014-2015 Jan Urban
13%
Villarreal 2017-2018 Javi Calleja
13%
Villarreal 2019-2020 Javi Calleja
13%
Alavés 2021 Javi Calleja
13%
Athletic Bilbao 2005-2006 Javier Clemente
13%
Real Sociedad 1999-2000 Javier Clemente
13%
Espanyol 2002-2003 Javier Clemente
13%
Sporting Gijón 2012 Javier Clemente
13%
Real Valladolid 2010 Javier Clemente
13%
Real Murcia 2008 Javier Clemente
13%
Tenerife 2002 Javier Clemente
13%
Málaga 1998-2003 Joaquin Peiró
13%
Real Murcia 2003-2004 Joaquin Peiró
13%
Córdoba 2015 Jose Angel Romero
13%
Villarreal 2011-2012 Jose Francisco Molina
13%
Levante 2005 Jose Luis Oltra
13%
Deportivo La Coruña 2011-2012 Jose Luis Oltra
13%
Almeria 2010-2011 Jose Luis Oltra
13%
Tenerife 2007-2010 Jose Luis Oltra
13%
Real Sociedad 2004-2006 Jose Mari Amorrotu
13%
Real Sociedad 2006 Jose Mari Bakero
13%
Rayo Vallecano 2010-2012 Jose Ramon Sandoval
13%
Granada 2015-2016 Jose Ramon Sandoval
13%
Granada 2024 Jose Ramon Sandoval
13%
Málaga 2010 Josualdo Ferreira
13%
Real Betis 2013-2014 Juan Carlos Garrido
13%
Villarreal 2010-2011 Juan Carlos Garrido
13%
Real Zaragoza 2000 Juanma Lillo
13%
Almeria 2009-2010 Juanma Lillo
13%
Real Madrid 2005-2006 Juan Ramón López Caro
13%
Levante 2006-2007 Juan Ramón López Caro
13%
SD Huesca 2018 Leo Franco
13%
Levante 2014-2015 Lucas Alcaraz
13%
Granada 2013-2014 Lucas Alcaraz
13%
Granada 2016-2017 Lucas Alcaraz
13%
Racing Santander 2003-2005 Lucas Alcaraz
13%
Real Murcia 2006-2008 Lucas Alcaraz
13%
Recreativo Huelva 2000-2003 Lucas Alcaraz
13%
Recreativo Huelva 2008-2009 Lucas Alcaraz
13%
Las Palmas 2024 Luis Carrión
13%
Real Oviedo 2025 Luis Carrión
13%
Gimnástic Tarragona 2004-2006 Luis Cesar Sampedro
13%
Athletic Bilbao 2006-2007 Mané
13%
Espanyol 2008-2009 Mané
13%
Alavés 1997-2003 Mané
13%
Sporting Gijón 2006-2012 Manolo Preciado
13%
Racing Santander 2002-2003 Manolo Preciado
13%
Racing Santander 2005-2006 Manolo Preciado
13%
Málaga 2016-2017 Marcelo Romero
13%
Mallorca 2010-2011 Michael Laudrup
13%
Getafe 2007-2008 Michael Laudrup
13%
Racing Santander 2006-2007 Miguel Angel Portugal
13%
Racing Santander 2009-2011 Miguel Angel Portugal
13%
Xerez 2010 Néstor Gorosito
13%
Getafe 2015 Pablo Franco
13%
Sevilla 2018-2019 Pablo Machin
13%
Espanyol 2019 Pablo Machin
13%
Alavés 2020-2021 Pablo Machin
13%
Elche 2022-2023 Pablo Machin
13%
Girona 2014-2018 Pablo Machin
13%
Real Sociedad 2002-2004 Raynald Denoueix
13%
Las Palmas 1999-2001 Sergije Kresic
13%
Numancia 2008-2009 Sergije Kresic
13%
Granada 2017 Tony Adams
13%
Athletic Bilbao 2000-2001 Txetxu Rojo
13%
Real Zaragoza 1998-2000 Txetxu Rojo
13%
Real Zaragoza 2001-2002 Txetxu Rojo
13%
Real Oviedo 2025 Veljko Paunović
13%
Cádiz 2004-2006 Victor Espárrago
13%
Granada 2023-2024 Alexander Medina
0%
Rayo Vallecano 2001 Andoni Goikoetxea
0%
Numancia 1999-2000 Andoni Goikoetxea
0%
Racing Santander 2000 Andoni Goikoetxea
0%
Sevilla 2010 Antonio Álvarez
0%
Málaga 2005-2006 Antonio Tapia
0%
Málaga 2008-2009 Antonio Tapia
0%
Mallorca 2001 Bernd Krauss
0%
Getafe 2014-2015 Cosmin Contra
0%
Deportivo La Coruña 2017-2018 Cristobal Parrado
0%
Espanyol 2019 David Gallego
0%
Deportivo La Coruña 2012-2013 Domingos Paciencia
0%
Real Betis 2000 Faruk Hadzibegic
0%
Athletic Bilbao 2006 Félix Sarriugarte
0%
Real Valladolid 2000-2001 Francisco Ferrano
0%
Levante 2007-2008 Giovanni De Biasi
0%
Alavés 2017 Giovanni De Biasi
0%
Almeria 2008 Gonzalo Arconada
0%
Real Betis 2016 Gustavo Poyet
0%
Mallorca 2003 Jaime Pacheco
0%
Elche 2020-2021 Jorge Almirón
0%
Valencia 2014 Jose Antonio Pizzi
0%
Real Zaragoza 2009-2010 Jose Aurelio Gay
0%
Granada 2012-2013 Juan Anquela
0%
Racing Santander 2009 Juan Carlos Mandia
0%
Celta 2017-2018 Juan Carlos Unzué
0%
Getafe 2016 Juan Esnaider
0%
Real Betis 2016 Juan Merino
0%
Levante 2016-2018 Juan Muñiz
0%
Alavés 2020 Juan Muñiz
0%
Málaga 2009-2010 Juan Muñiz
0%
Racing Santander 2008-2009 Juan Muñiz
0%
Alavés 2022 Julio Velazquez
0%
Real Zaragoza 2000-2001 Luis Costa
0%
Real Zaragoza 2002 Luis Costa
0%
Alavés 2017 Luis Zubeldia
0%
Recreativo Huelva 2008 Manolo Zambrano
0%
Alavés 2006 Mario Luna
0%
Real Sociedad 2009-2011 Martín Lasarte
0%
Albacete 2005 Martín Monteagudo
0%
Real Sociedad 2006-2007 Miguel Angel Lotina
0%
Espanyol 2004-2006 Miguel Angel Lotina
0%
Villarreal 2012 Miguel Angel Lotina
0%
Celta 2002-2004 Miguel Angel Lotina
0%
Osasuna 1999-2002 Miguel Angel Lotina
0%
Deportivo La Coruña 2007-2011 Miguel Angel Lotina
0%
Atlético de Madrid 2006 Pepe Murcia
0%
Osasuna 2017 Petar Vasiljevic
0%
Real Sociedad 2011-2013 Phillipe Montainer
0%
Real Sociedad 2002 Roberto Olabe
0%
Almeria 2011 Roberto Olabe
0%
Elche 2023 Sebastian Beccacece
0%
Almeria 2015 Sergi Barjuan
0%
Mallorca 2001-2002 Sergije Fresic
0%
Alavés 2003 Txutxi Aranguren
0%
Sevilla 2017-2018 Vicenzo Montella
0%
No matching quizzes found
Score Distribution
Percent of People with Each Score
Percentile by Number Answered
Your Score History
You have not taken this quiz since the last reset